| 000 | 01889cam a2200445 a 4500 | ||
|---|---|---|---|
| 001 | 12084626 | ||
| 003 | OSt | ||
| 005 | 20140310184346.0 | ||
| 008 | 000628s1999 nyua j 000 0 eng d | ||
| 010 | _a 00268280 | ||
| 020 | _a9780590960014 | ||
| 035 | _a(OCoLC)ocm42401026 | ||
| 040 |
_aZNM _cZNM _dOHI _dDLC |
||
| 042 | _alcac | ||
| 043 |
_an-us--- _an-us-ny |
||
| 050 | 0 | 0 |
_aF 128.47 _b.M48 1999 |
| 100 | 1 |
_aMcGovern, Ann. _95437 |
|
| 245 | 1 | 2 |
_a--if you lived 100 years ago / _cby Ann McGovern ; illustrated by Anna DiVito. |
| 246 | 3 | _aIf you lived one hundred years ago | |
| 260 |
_aNew York : _bScholastic, _c1999 |
||
| 300 |
_a80 p. : _bcol. ill. ; _c19 x 23 cm. |
||
| 520 | _aDescribes what life was like in New York City, then the largest city in the United States, during the 1890's. | ||
| 521 | _aG5 | ||
| 526 | _c770 | ||
| 562 | _e1 | ||
| 651 | 0 |
_aNew York (N.Y.) _xHistory _y1865-1898 _vJuvenile literature. _924811 |
|
| 651 | 0 |
_aNew York (N.Y.) _xHistory _y1898-1951 _vJuvenile literature. _924812 |
|
| 651 | 0 |
_aNew York (N.Y.) _xSocial life and customs _y19th century _vJuvenile literature. _924813 |
|
| 651 | 0 |
_aUnited States _xHistory _y1865-1921 _vJuvenile literature. _924814 |
|
| 651 | 0 |
_aUnited States _xSocial life and customs _y1865-1918 _vJuvenile literature. _924815 |
|
| 651 | 1 |
_aNew York (N.Y.) _xHistory _y19th century. _924816 |
|
| 651 | 1 |
_aNew York (N.Y.) _xSocial life and customs _y19th century. _924817 |
|
| 651 | 1 |
_aUnited States _xHistory _y19th century. _924818 |
|
| 651 | 1 |
_aUnited States _xSocial life and customs _y19th century. _924819 |
|
| 700 | 1 |
_aDiVito, Anna. _924820 |
|
| 906 |
_a7 _bcbc _ccopycat _d2 _encip _f20 _gy-gencatlg |
||
| 942 |
_2lcc _cBK-SCHOLAS |
||
| 999 |
_c33875 _d33875 |
||